Catálogo público

Chemistry and uses of pesticides / (Record no. 200521)

MARC details
000 -CABECERA
campo de control de longitud fija 00710nam a2200277Ia 4500
001 - NÚMERO DE CONTROL
campo de control Para_1914
003 - IDENTIFICADOR DEL NÚMERO DE CONTROL
campo de control CHAP
008 - DATOS DE LONGITUD FIJA--INFORMACIÓN GENERAL
campo de control de longitud fija 220125sc195 xx 000 0 und d
010 ## - NÚMERO DE CONTROL DE LA BIBLIOTECA DEL CONGRESO
Número de control de LC 200521
040 ## - FUENTE DE LA CATALOGACIÓN
Centro/agencia transcriptor CHAP
082 ## - NÚMERO DE LA CLASIFICACIÓN DECIMAL DEWEY
Número de clasificación PA 632.951 O5
100 ## - ENTRADA PRINCIPAL--NOMBRE DE PERSONA
Nombre de persona Ong, E.R. de
9 (RLIN) 83311
245 ## - MENCIÓN DE TÍTULO
Título Chemistry and uses of pesticides /
Mención de responsabilidad, etc. by E.R. de Ong
250 ## - MENCIÓN DE EDICIÓN
Mención de edición 2a.
260 ## - PUBLICACIÓN, DISTRIBUCIÓN, ETC.
Lugar de publicación, distribución, etc. New York :
Nombre del editor, distribuidor, etc. Chapman & Hall
300 ## - DESCRIPCIÓN FÍSICA
Extensión 33 p.
650 ## - PUNTO DE ACCESO ADICIONAL DE MATERIA--TÉRMINO DE MATERIA
Término de materia o nombre geográfico como elemento de entrada Insecticidas
9 (RLIN) 58855
650 ## - PUNTO DE ACCESO ADICIONAL DE MATERIA--TÉRMINO DE MATERIA
Término de materia o nombre geográfico como elemento de entrada Pesticidas
Subdivisión general investigación
9 (RLIN) 87560
901 ## - ELEMENTOS DE DATOS A LOCAL LDA (RLIN)
a PA 632.951 O5
902 ## - ELEMENTOS DE DATOS B LOCAL, LDB (RLIN)
a A
905 ## - ELEMENTOS DE DATOS E LOCAL, LDE (RLIN)
a 000000c1956 a 0000000000 00
910 ## - DATOS DE OPCIÓN DEL USUARIO (OCLC)
Datos de opción del usuario c195
942 ## - ELEMENTOS DE PUNTO DE ACCESO ADICIONAL (KOHA)
Tipo de ítem Koha Parasitologia_
942 ## - ELEMENTOS DE PUNTO DE ACCESO ADICIONAL (KOHA)
Tipo de ítem Koha Parasitologia_
-- 1
Holdings
Estado de retiro Estado de pérdida Fuente del sistema de clasificación o colocación Estado dañado No para préstamo Código de colección Localización permanente Ubicación/localización actual Fecha de adquisición Número de inventario Total de préstamos Signatura topográfica completa Código de barras Fecha visto por última vez Número de copia Precio válido a partir de Tipo de ítem Koha Nota pública
    Dewey Decimal Classification     General Parasitologia Agricola Parasitologia Agricola 27/10/2005 (PA_7553) (No. UACh C/E)   PA 632.951 O5 4102002942 25/01/2022 Ej.1 25/01/2022 Libro 3